000 01672pab a2200181 454500
008 180718b2011 xxu||||| |||| 00| 0 eng d
100 _aHoehn, Felix
245 _aPrivatisation and the boundaries of judicial review
260 _c2011
300 _ap.73-95.
362 _aMar
520 _aCan a public authority avoid public law requirements, such as obligation to act fairly, b y "contracting out" the performance of its functions? In Societe de I'assurance automobile du Quebec v. Cyr, the Supreme Court of Canada said "no", but it did not explain how far the Court will move the boundaries of judicial review to adapt to the growth of the private role in governance. However, there is reason to believe that the Court is moving towards a functional approach in defining state power and the location of the boundary between public and private law. This promises to be more coherent and effective than the piecemeal functional approaches that have emerged in the United States and the United Kingdom. A functional approach will prevent the lines of legal accountability to Parliament, the legislatures, the electorate and the courts from being severed by a contract between a public authority and a private party. At the same time, the emerging functional approach accepts that public law remedies should generally not be available if private law offers an adequate remedy or if applying public law would generate disproportionate costs to efficiency or would damage other public law objectives or private interests. - Reproduced.
650 _aPrivatisation
650 _aJudiciary
773 _aCanadian Public Administration
908 _aN
909 _a91550
999 _c91550
_d91550